01089cam a2200253 4500001001300000003000400013005001700017008004100034010001700075040004100092050002400133082001600157111007900173245004000252260006400292300005400356410004200410500002700452504002900479505023000508650004400738650003600782999001700818gs 67000187 DLC20260227111420.0700608s1966 nvuab b 100 0 eng c ags 67000187  aU.S. Geol. Survey. LibrarycDLCdDLC00aTN24.N3bA26 no. 1300a557.93/08 s2 aAIME Pacific Southwest Mineral Industry Conferenced(1965 :cSparks, Nev.)00aPapers presented ... May 5-7, 1965. aReno,bMackay School of Mines, University of Nevada,c1966. a3 v.billus., maps (part fold. in pocket)c28 cm.10aNevada.bBureau of Mines.tReportv13 aErrata slip inserted.  aIncludes bibliographies.0 apt. A. General session and Session on Exploration and mine development in Nevada.--pt. B. Industrial minerals session and Mining-metallurgy-analysis session.--pt. C. Session on North American exploration and mine development. 0aMineral industrieszNevadaxCongresses. 0aMineral industriesxCongresses. c30325d30325